Normal view
MARC view
Entry Topical Term
001 - CONTROL NUMBER
- control field: 22567
003 - CONTROL NUMBER IDENTIFIER
- control field: OSt
005 - DATE AND TIME OF LATEST TRANSACTION
- control field: 20210218114505.0
008 - FIXED-LENGTH DATA ELEMENTS
- fixed length control field: 210218|| aca||aabn | a|a d
040 ## - CATALOGING SOURCE
- Original cataloging agency: OSt
- Transcribing agency: OSt
150 ## - HEADING--TOPICAL TERM
- Topical term or geographic name entry element: Civil service
670 ## - SOURCE DATA FOUND
- Source citation: Work cat.: (OSt): Smith, Enid Russell. 22565, political regularities modern bureaucracy: The home civil service , 1974
